The travel book : (Record no. 358000)
[ view plain ]
| 000 -LEADER | |
|---|---|
| fixed length control field | 00568nam a2200229Ia 4500 |
| 008 - FIXED-LENGTH DATA ELEMENTS--GENERAL INFORMATION | |
| fixed length control field | 180620s9999 xx 000 0 und d |
| 050 ## - LIBRARY OF CONGRESS CALL NUMBER | |
| Classification number | REF G 153.4 |
| 050 ## - LIBRARY OF CONGRESS CALL NUMBER | |
| Item number | .S87 2011 |
| 100 ## - MAIN ENTRY--PERSONAL NAME | |
| Personal name | Susan Sontag. |
| 245 #4 - TITLE STATEMENT | |
| Title | The travel book : |
| 245 #2 - TITLE STATEMENT | |
| Remainder of title | a journey through every country in the world / |
| 245 #0 - TITLE STATEMENT | |
| Statement of responsibility, etc | Sontag, Susan. |
| 260 ## - PUBLICATION, DISTRIBUTION, ETC. (IMPRINT) | |
| Place of publication, distribution, etc | London : |
| 260 ## - PUBLICATION, DISTRIBUTION, ETC. (IMPRINT) | |
| Name of publisher, distributor, etc | Lonely Planet., |
| 260 ## - PUBLICATION, DISTRIBUTION, ETC. (IMPRINT) | |
| Date of publication, distribution, etc | 2011 |
| 300 ## - PHYSICAL DESCRIPTION | |
| Extent | 447 pages : |
| 300 ## - PHYSICAL DESCRIPTION | |
| Other physical details | color illustrations ; |
| 300 ## - PHYSICAL DESCRIPTION | |
| Dimensions | 36 cm. |
| 650 ## - SUBJECT ADDED ENTRY--TOPICAL TERM | |
| Topical term or geographic name as entry element | Travel -- |
| 650 ## - SUBJECT ADDED ENTRY--TOPICAL TERM | |
| Topical term or geographic name as entry element | Travel. |
| 650 ## - SUBJECT ADDED ENTRY--TOPICAL TERM | |
| General subdivision | Guidebooks. |
| Withdrawn status | Lost status | Damaged status | Home library | Current library | Shelving location | Date acquired | Cost, normal purchase price | Total Checkouts | Full call number | Barcode | Date last seen | Price effective from | Koha item type |
|---|---|---|---|---|---|---|---|---|---|---|---|---|---|
| South Mansfield College | South Mansfield College | Reference Section | 06/20/2018 | 2475.00 | REF G 153.4 .S87 2011 | SMC05820 | 06/20/2018 | 06/20/2018 |